000 00341 a2200157 4500
001 59508
020 _a8525412406
040 _cAnchieta - Pituba
100 _aMoscovich, Cintia
240 1 0 _aO reino das cebolas
_lpor
245 1 0 _aO reino das cebolas
300 _a114
362 0 _a2002
650 4 _aFicção brasileira
942 _cBK
999 _c59508
_d59508